80% Movie Titles Quiz Stats

 Plays Quiz Updated Jun 19, 2019

Score 0/25 Timer 02:30
1 Play Today
Question Answer Wrong Answers
One Hundred and One ___ (1961) Dalmatians
96.7%
Croatians
0.2%
Luftballons
0.5%
Dolphins
0.6%
The Silence of the ___ (1991) Lambs
96.4%
Sea
0.9%
Mutes
0.2%
Past
0.4%
The Greatest ___ on Earth (1952) Show
95.9%
Hamburger
0.5%
Teacher
1%
Goal
0.5%
The Hobbit: An Unexpected ___ (2012) Journey
95.6%
Gift
1.5%
Error
0.2%
Message
0.5%
Raiders of the Lost ___ (1981) Ark
95.6%
Bank
0.2%
Ship
0.9%
Land
1.2%
The Hunger Games: Catching ___ (2013) Fire
95.6%
Dreams
1.9%
Pokeballs
0.1%
Disease
0.2%
The ___ of the Furious (2017) Fate
95.1%
Hate
1.8%
Rate
0.6%
Mate
0.2%
Four ___ and a Funeral (1994) Weddings
94.9%
Popes
0.4%
Murders
1.8%
Birthdays
0.8%
20,000 Leagues Under the ___ (1954) Sea
94.2%
School
0.3%
Mountain
0.8%
Surface
2.5%
Jumanji: Welcome to the ___ (2017) Jungle
93.5%
Ghetto
0.2%
Dollhouse
0.2%
Game
4%
Die Hard: With a ___ (1995) Vengeance
93%
Smile
3.4%
Beer
0.4%
Lie
1%
The ___ of St. Mary's (1945) Bells
93%
Legs
1.4%
Bulls
2.5%
Logs
0.7%
No ___ for Old Men (2007) Country
92.2%
Party
1.5%
Pension
1%
Remorse
3.1%
Call Me by Your ___ (2017) Name
91.6%
Number
4.1%
Fruit
0.2%
Love
1.9%
Who's Afraid of Virginia ___? (1966) Woolf
90.9%
Sheeep
0.9%
Foxx
5.3%
Tigger
0.7%
As ___ as It Gets (1997) Good
90.6%
Bad
2.5%
High
1%
God
3.8%
On Her Majesty's Secret ___ (1969) Service
89.4%
Tunnel
2.2%
Lab
0.8%
Room
5.4%
The Kids Are All ___ (2010) Right
88.7%
Mad
5.6%
Dirty
1.9%
Noisy
1.6%
For Whom the Bell ___ (1943) Tolls
88.3%
Cries
3.6%
Plays
3.7%
Rocks
2%
How the ___ Was Won (1962) West
87.2%
Jackpot
1.3%
Freedom
3%
Fight
6.2%
Good Night, and Good ___. (2005) Luck
78.8%
Day
10.6%
Morning
6.7%
Flight
1.6%
The ___ of Bagger Vance (2000) Legend
75.9%
Story
3.2%
Ballad
11.4%
Tale
7%
A ___ in the Sun (1951) Place
74.5%
Season
14.2%
Desert
6.1%
Story
2.8%
Mr. Smith Goes to ___ (1939) Washington
74.3%
Sleep
1.1%
Hollywood
22%
Places
0.4%
Transformers: Dark of the ___ (2011) Moon
73.1%
Night
24.1%
West
0.5%
Oil
0.2%

You're not logged in!

Compare scores with friends on all Sporcle quizzes.
OR
Log In

Sporcle TV

Today on Sporcle TV


Watch our educational content, quiz creation guides, and fun videos on Sporcle TV.

Show Comments

Extras

Top Quizzes Today


Score Distribution

Your Account Isn't Verified!

In order to create a playlist on Sporcle, you need to verify the email address you used during registration. Go to your Sporcle Settings to finish the process.

Report this User

Report this user for behavior that violates our Community Guidelines.

Details: